| 000 | 01156nam a2200337 a 4500 | ||
|---|---|---|---|
| 001 | 000109454 | ||
| 003 | CHAP | ||
| 005 | 20220329144051.0 | ||
| 008 | 140502s2013 mx | |sm |||||||spa|d | ||
| 010 | _a105916 | ||
| 011 | _a106888 | ||
| 040 | _cCHAP | ||
| 090 | _aTesis | ||
| 100 | 1 |
_aCamacho Berchelt, Mirna _917658 |
|
| 245 | 1 | 0 |
_aModelo de negocios de empresas de servicios profesionales en el sector rural _h[En línea] _cpor Mirna Camacho Berchelt. |
| 260 |
_aChapingo, Méx. : _bEl autor, _c2013. |
||
| 500 | _aPara ver el contenido del material haga clic en la liga | ||
| 502 | _aTesis (M.C. en Estrategia Agroempresarial) -- UACH. CIESTAAM | ||
| 590 |
_aBATCH-UPD _b05 _c20141002 _lUCH01 _h0902 |
||
| 590 |
_aBATCH _b00 _c20181121 _lUCH01 _h0759 |
||
| 590 |
_aE792CSJ _b05 _c20140502 _lUCH01 _h0903 |
||
| 590 |
_aE792CSJ _b05 _c20140502 _lUCH01 _h0903 |
||
| 650 | 1 | 4 |
_aDesarrollo rural. _932067 |
| 650 | 1 | 4 |
_aEmpresas campesinas. _936652 |
| 650 | 1 | 4 |
_aEmpresas _zMéxico (Edo.). _936647 |
| 856 |
_a1 _n0001162 |
||
| 856 |
_aFinding aid _uhttp://10.13.5.2/tesis/sist109454.pdf _zTeclea aquí |
||
| 901 | _aBK | ||
| 942 | _cTESIS | ||
| 942 | _n0 | ||
| 999 |
_c105916 _d105916 |
||